Music Quiz

Random Music or Song Quiz
Score 0/30 Timer 07:00
5 Plays Today
% Correct
fly
76.3%
flea
74.8%
bees
72.1%
butterflies
71.2%
moth
70.5%
bee
67.8%
mosquito
64.7%
ant
60.3%
tarantula
54%
dancin' bug
53.7%
firefly
53.7%
caterpillar
51.4%
love bug
49%
black fly
46.7%
worms
46.2%
% Correct
lightning bugs
45.1%
honey bee
43%
bed bugs
42.1%
spider
38.9%
hornet
36.6%
cricket
36.3%
flies
35.3%
bugs
34.6%
bug
29.2%
fleas
28.1%
glow worm
24.8%
butterfly
23.7%
crickets
17.6%
snail
13.2%
dragonfly
11.6%

You're not logged in!

Compare scores with friends on all Sporcle quizzes.
OR
Log In

Sporcle TV

Today on Sporcle TV


Watch our educational content, quiz creation guides, and fun videos on Sporcle TV.

Show Comments

Extras

Top Quizzes Today


Score Distribution

Paid Content

Your Account Isn't Verified!

In order to create a playlist on Sporcle, you need to verify the email address you used during registration. Go to your Sporcle Settings to finish the process.

Report this User

Report this user for behavior that violates our Community Guidelines.

Details: